000 00808nam a2200289Ia 4500
005 20260324131542.0
008 008 260324s9999 xx 000 0 eng d
020 _a9781315853697
037 _aEBOOK
040 _aCRL
040 _beng
040 _cCRL
041 _2eng
041 _aeng
084 _qCRL
100 _aSheryn Spencer-Waterman
_91166516
245 0 _aFour Most Baffling Challenges for Teachers and How to Solve Them, The
245 0 _bClassroom Discipline, Unmotivated Students, Underinvolved or Adversarial Parents, and Tough Working Conditions
260 _bTaylor and Francis
260 _c2006
365 _a
365 _b180
856 _uhttp://www.taylorfrancis.com/books/9781315853697
942 _cEBOOK
999 _c1783208
_d1783208